000 00759nam a2200253Ia 4500
003 OSt
005 20220930071823.0
006 a|||||r|||| 00| 0
007 ta
008 220926b |||||||| |||| 00| 0 hin d
024 _a18231
037 _cTheses
040 _aCRL
_cCRL
_bhin
041 _2hin
_ahin
100 _aAggarwal Manorama
_9529032
110 _aUniversity of Delhi. Faculty of Arts. Department of Hindi
245 0 _aGhananand ke kavya mein aprasutut vidhan
260 _c1978
650 _aHINDI LITERATURE
_923866
700 _a Dr. Sriniwas Sharma Gu.
_9529033
700 _aUniversity of Delhi. Faculty of Arts. Department of Hindi
942 _cDIS
_2CC
999 _c862905
_d862905